000 00527nam a2200145Ia 4500
008 100415s9999 xx 000 0 und d
082 _b4186
_a500
100 _aP.N.I
245 _aProceedings Of The National Institute Of Sciences Of India Vol.21 Part B
260 _aCalcatta
_c1955
_bNational Institute Of Sciences
365 _b0
630 _aProceedings Of The National Institute Of Sciences Of India Vol.21 Part B
730 _aProceedings Of The National Institute Of Sciences Of India Vol.21 Part B
942 _cBOOK
999 _c587171
_d587168